00816nam a2200241 a 450000100060000000300080000600500170001400800410003102000150007203500190008703500140010604000370012004100080015708200220016510000250018724500550021226000430026730000330031050001180034350400510046165000160051270000460052820543BD-RjUL20211209000559.0140301s1968 caua b 001 0 eng d a0716702355 a(BD-RjUL)20605 a(BD-RjUL) aNUN:PbengcNUN:PdXNTUdBD-RjUL aeng04a549221bMAE 19681 aMason, Brian,d1917-10aElements of mineralogy /cBrian Mason, L.G. Berry. aSan Francisco :bW.H. Freeman,cc1968. avi, 550 p. :bill. ;c25 cm. aModified and rev. version of: Mineralogy--concepts, descriptions, determinations / L.G. Berry, Brian Mason. 1959. aIncludes bibliographical references and index. 0aMineralogy.1 aBerry, L. G.q(Leonard Gascoigne),d1914-